Statistics for Books to Authors #8

Click here to take the quiz!

General Stats

  • This quiz has been taken 135 times
  • The average score is 6 of 14

Answer Stats

Book titleAuthor% Correct
Oliver TwistCharles Dickens
96%
A Farewell to ArmsErnest Hemingway
86%
The RavenEdgar Allan Poe
83%
The Color PurpleAlice Walker
55%
The Famous Five-seriesEnid Blyton
55%
MiddlemarchGeorge Eliot
50%
The Cherry OrchardAnton Chekhov
49%
The Magic MountainThomas Mann
40%
The Timetraveller's WifeAudrey Niffenegger
21%
The AvakeningKate Chopin
15%
The Sirens of TitanKurt Vonnegut
11%
The New York TrilogyPaul Auster
9%
The Hour of the StarClarice Lispector
4%
ShikastaDoris Lessing
4%

Score Distribution

Percentile by Number Answered

Percent of People with Each Score

Your Score History

You have not taken this quiz